[Event "Mittelfrankenliga 05/06 (B1)"]
[Site "Mfr.2005/06-R3"]
[Date "2005.12.04"]
[Round "3.7"]
[White "Stoessel, Horst"]
[Black "Dittmar, Thomas"]
[Result "0-1"]
[WhiteElo "2053"]
[BlackElo "1920"]
[Annotator "SF Fürth1-SW Nbg.2"]
[PlyCount "81"]
[EventDate "2005.12.04"]
[SourceDate "2005.10.17"]

1. d4 Nf6 2. Bg5 c5 3. dxc5 Qa5+ 4. Qd2 Qxc5 5. Qc3 Ne4 6. Qxc5 Nxc5 7. Nd2 Nc6
8. c3 d5 9. Nb3 e5 10. Nf3 Bg4 11. Nxc5 Bxc5 12. Nd2 f6 13. Bh4 O-O 14. f3 Be6
15. e4 d4 16. c4 Nb4 17. Kd1 d3 18. a3 Nc2 19. Rb1 Ne3+ 20. Ke1 Rfd8 21. b4 Bd4
22. Rb3 Nxc4 23. Nxc4 Bxc4 24. Rxd3 Bxd3 25. Bxd3 Rac8 26. Ke2 Rc3 27. a4 Rxd3
28. Kxd3 Bf2+ 29. Ke2 Bxh4 30. Rc1 Rd7 31. Rc8+ Kf7 32. Ra8 a6 33. b5 axb5 34.
axb5 Bg5 35. Rb8 Ke6 36. Re8+ Kd6 37. g3 Kc5 38. h4 Bd2 39. g4 Bf4 40. Rh8 h6
41. Rc8+ 0-1

[Event "Mittelfrankenliga 05/06 (B1)"]
[Site "Mfr.2005/06-R3"]
[Date "2005.12.04"]
[Round "3.1"]
[White "Herning, Jens"]
[Black "Schneider, David[90]"]
[Result "1/2-1/2"]
[WhiteElo "2026"]
[BlackElo "2193"]
[Annotator "Großenseebach1-Büchenbach/Rh.1"]
[PlyCount "94"]
[EventDate "2005.12.04"]
[SourceDate "2005.10.17"]

1. d4 Nf6 2. c4 e6 3. Nf3 b6 4. g3 Ba6 5. b3 Bb4+ 6. Bd2 Be7 7. Bg2 Bb7 8. O-O
O-O 9. Bc3 Ne4 10. Bb2 d5 11. Nbd2 Nd7 12. Qc2 f5 13. Rad1 Rc8 14. Ne5 Nxe5 15.
dxe5 Qe8 16. e3 Qh5 17. a3 Ba8 18. b4 Rfd8 19. cxd5 exd5 20. Qa4 Ng5 21. h4 Ne4
22. Nxe4 fxe4 23. Bh3 Qg6 24. Bxc8 Rxc8 25. Qd7 Re8 26. Kh2 Bc6 27. Qh3 Rd8 28.
h5 Qh6 29. g4 Rf8 30. f4 exf3 31. Rxf3 Rd8 32. Bd4 Bd7 33. Rc1 Qg5 34. Rf4 Rc8
35. Qf3 Be6 36. Rc6 Qh4+ 37. Kg2 Bg5 38. Rxe6 Bxf4 39. exf4 Qe1 40. Qxd5 Qd2+
41. Kg3 Kh8 42. Qd7 Rf8 43. Qf7 Qd3+ 44. Kg2 Qe4+ 45. Kh2 Qe2+ 46. Kh1 Qf1+ 47.
Kh2 Qe2+ 1/2-1/2

[Event "Mittelfrankenliga 05/06 (B1)"]
[Site "Mfr.2005/06-R3"]
[Date "2005.12.04"]
[Round "3.2"]
[White "Suess, Stefan[87]"]
[Black "Adler, Herbert"]
[Result "0-1"]
[WhiteElo "1871"]
[BlackElo "2009"]
[Annotator "Großenseebach1-Büchenbach/Rh.1"]
[PlyCount "104"]
[EventDate "2005.12.04"]
[SourceDate "2005.10.17"]

1. d4 Nf6 2. c4 g6 3. Nc3 Bg7 4. e4 d6 5. Nf3 O-O 6. Be2 e5 7. O-O Nc6 8. d5
Ne7 9. b4 Ne8 10. Nd2 f5 11. c5 Rf7 12. Ba3 Kh8 13. Qb3 Ng8 14. b5 Bf8 15. b6
axb6 16. cxb6 cxb6 17. Nc4 Bd7 18. Rab1 b5 19. Nxb5 Bxb5 20. Qxb5 Ngf6 21. f3
f4 22. Rb3 g5 23. Rfb1 h5 24. Qb6 Qc8 25. Qb5 Qd8 26. Qb6 Qc8 27. Qb4 Nd7 28.
Rc3 Qd8 29. Nb6 Rb8 30. Nxd7 Rxd7 31. Bb5 Rg7 32. Bxe8 Qxe8 33. Rbc1 g4 34. Qb2
Qa4 35. Rc4 Qa7+ 36. Kh1 gxf3 37. gxf3 Ra8 38. Bb4 Be7 39. R4c2 Rag8 40. Qb1
Qe3 41. Rf1 h4 42. Qe1 Rg1+ 43. Rxg1 Qxf3+ 44. Rcg2 Rxg2 45. Rxg2 h3 46. Qe2
hxg2+ 47. Qxg2 Qd1+ 48. Qg1 Qc2 49. Qe1 f3 50. Qf1 Qxe4 51. Qh3+ Kg7 52. Qg3+
Kf7 0-1

[Event "Mittelfrankenliga 05/06 (B1)"]
[Site "Mfr.2005/06-R3"]
[Date "2005.12.04"]
[Round "3.3"]
[White "Haeckler, Daniel"]
[Black "Seyb, Dieter"]
[Result "1-0"]
[WhiteElo "2054"]
[BlackElo "2219"]
[Annotator "Großenseebach1-Büchenbach/Rh.1"]
[PlyCount "87"]
[EventDate "2005.12.04"]
[SourceDate "2005.10.17"]

1. e4 c5 2. Nf3 Nc6 3. Bb5 e6 4. O-O Nge7 5. c3 a6 6. Ba4 b5 7. Bc2 Bb7 8. Re1
d5 9. d4 cxd4 10. exd5 Nxd5 11. Nxd4 Nxd4 12. Qxd4 Qf6 13. Qxf6 Nxf6 14. a4 b4
15. c4 Be7 16. Be3 O-O 17. Nd2 Rac8 18. Rac1 Ng4 19. Bb6 Bf6 20. b3 Bc3 21.
Red1 f5 22. Nf1 Nf6 23. Rd6 Rc6 24. Rcd1 Kf7 25. Rd7+ Nxd7 26. Rxd7+ Kf6 27.
Rxb7 Rf7 28. Rxf7+ Kxf7 29. Be3 Kf6 30. f4 e5 31. fxe5+ Kxe5 32. Nd2 Bxd2 33.
Bxd2 a5 34. g3 g6 35. Be3 Kf6 36. h4 Ke5 37. Kf2 Re6 38. Bd1 Kd6 39. Bf3 Kc7
40. c5 Re8 41. Bf4+ Kc8 42. c6 Re7 43. Be2 Ra7 44. Bc4 1-0

[Event "Mittelfrankenliga 05/06 (B1)"]
[Site "Mfr.2005/06-R3"]
[Date "2005.12.04"]
[Round "3.4"]
[White "Borel, Markus"]
[Black "Kirch, Dietmar"]
[Result "1-0"]
[WhiteElo "1899"]
[BlackElo "2035"]
[Annotator "Großenseebach1-Büchenbach/Rh.1"]
[PlyCount "80"]
[EventDate "2005.12.04"]
[SourceDate "2005.10.17"]

1. e4 c6 2. d4 d5 3. e5 c5 4. c3 Nc6 5. h3 Bf5 6. Nf3 e6 7. Bd3 Bxd3 8. Qxd3
Qb6 9. O-O cxd4 10. cxd4 Nb4 11. Qe2 Ne7 12. Be3 Nf5 13. Nc3 Be7 14. Rfd1 Rc8
15. Rac1 O-O 16. a3 Nc6 17. b4 Nb8 18. Na4 Qa6 19. Qxa6 Nxa6 20. b5 Nb8 21. Nc5
Rc7 22. Nd3 Rfc8 23. Rxc7 Rxc7 24. Rc1 Rc4 25. a4 Nxe3 26. fxe3 Nd7 27. Rxc4
dxc4 28. Nb2 Nb6 29. a5 c3 30. Nd3 Nc4 31. a6 bxa6 32. bxa6 Nxe3 33. Kf2 Nf5
34. Ke2 Ba3 35. Nfe1 Kf8 36. Nc2 Be7 37. Nc5 Ke8 38. Ne4 Kd7 39. g3 Kc6 40. Kd3
Kb5 1-0

[Event "Mittelfrankenliga 05/06 (B1)"]
[Site "Mfr.2005/06-R3"]
[Date "2005.12.04"]
[Round "3.5"]
[White "Braun, Robert[74]"]
[Black "Seyb, Alexander"]
[Result "0-1"]
[WhiteElo "1960"]
[BlackElo "2068"]
[Annotator "Großenseebach1-Büchenbach/Rh.1"]
[PlyCount "58"]
[EventDate "2005.12.04"]
[SourceDate "2005.10.17"]

1. e4 c5 2. Nf3 d6 3. d4 cxd4 4. Nxd4 Nf6 5. Nc3 a6 6. Be3 e5 7. Nb3 Be6 8. Be2
Be7 9. O-O O-O 10. f4 exf4 11. Rxf4 Nc6 12. Qd2 d5 13. exd5 Nxd5 14. Nxd5 Qxd5
15. Qxd5 Bxd5 16. Rf5 Be4 17. Rf2 Bxc2 18. Bxa6 Bxb3 19. Bxb7 Ne5 20. Bxa8 Rxa8
21. Bd4 Nc6 22. Be3 Rxa2 23. Rc1 Ra6 24. Rc3 Be6 25. Rfc2 Nb4 26. Rc8+ Bxc8 27.
Rxc8+ Bf8 28. Kf1 Rc6 29. Rd8 f6 0-1

[Event "Mittelfrankenliga 05/06 (B1)"]
[Site "Mfr.2005/06-R3"]
[Date "2005.12.04"]
[Round "3.6"]
[White "Linsenmeyer, Mario"]
[Black "Kittsteiner, Peter"]
[Result "1/2-1/2"]
[WhiteElo "1931"]
[BlackElo "1864"]
[Annotator "Großenseebach1-Büchenbach/Rh.1"]
[PlyCount "140"]
[EventDate "2005.12.04"]
[SourceDate "2005.10.17"]

1. e4 e5 2. Nf3 Nc6 3. d4 exd4 4. Nxd4 d6 5. Nc3 Nf6 6. Bc4 Be7 7. Bb3 O-O 8.
O-O Na5 9. f3 Nxb3 10. axb3 Bd7 11. Be3 a6 12. Qd2 Re8 13. b4 c6 14. Nb3 b5 15.
Rfd1 Qc7 16. Bf4 Qb6+ 17. Kh1 d5 18. e5 Nh5 19. Be3 Qc7 20. g4 Bxb4 21. gxh5
Qxe5 22. Bd4 Qxh5 23. Qg2 g6 24. Rg1 Bd6 25. Ne2 Bf5 26. Nc3 b4 27. Na4 Re7 28.
Rad1 Rae8 29. Nc1 Bf4 30. c3 b3 31. c4 Bc2 32. Rdf1 dxc4 33. Nc3 Rd7 34. Bb6
Bd2 35. N1e2 Qh6 36. Ne4 Qg7 37. Nxd2 Rxd2 38. Rf2 Qxb2 39. Ba5 Rd3 40. Nf4 Rd7
41. Ne2 Re3 42. Qh3 Rde7 43. Qc8+ Re8 44. Bc3 Rxc8 45. Bxb2 Rce8 46. Nc3 f5 47.
Ra1 Rd3 48. Ra4 Re1+ 49. Kg2 Rd4 50. Rxa6 Re6 51. Ra8+ Kg7 52. Ra7+ Kg8 53.
Ra8+ Kf7 54. Ne4 Rdxe4 55. fxe4 Bxe4+ 56. Kg3 Rd6 57. Kf4 Rd3 58. Rb8 c3 59.
Rxb3 cxb2 60. Rfxb2 Rd7 61. Rb7 Rxb7 62. Rxb7+ Kg8 63. Kg5 h6+ 64. Kxg6 f4+ 65.
Kxh6 f3 66. Rb2 Bd3 67. Rf2 Be2 68. Kg6 c5 69. Kf5 c4 70. Ke4 Kh7 1/2-1/2

[Event "Mittelfrankenliga 05/06 (B1)"]
[Site "Mfr.2005/06-R3"]
[Date "2005.12.04"]
[Round "3.7"]
[White "Mueller, Maximilian[58]"]
[Black "Rosin, Ralf"]
[Result "0-1"]
[WhiteElo "1857"]
[BlackElo "1961"]
[Annotator "Großenseebach1-Büchenbach/Rh.1"]
[PlyCount "76"]
[EventDate "2005.12.04"]
[SourceDate "2005.10.17"]

1. e4 Nc6 2. Nf3 e5 3. Bb5 Nd4 4. Bc4 Nxf3+ 5. Qxf3 Qf6 6. Nc3 c6 7. d3 Bc5 8.
Qg3 d6 9. Bg5 Qg6 10. Bh4 Nf6 11. Qxg6 hxg6 12. Bg3 Ng4 13. h3 f5 14. Ke2 Nf6
15. Raf1 f4 16. Bh2 g5 17. f3 b5 18. Bb3 Ke7 19. a3 Bd7 20. Rd1 Bd4 21. Kd2 a5
22. Bg1 Bxc3+ 23. Kxc3 g4 24. fxg4 Bxg4 25. Re1 c5 26. Bf2 Bd7 27. Kd2 g5 28.
c3 b4 29. d4 cxd4 30. cxd4 Rhc8 31. dxe5 dxe5 32. Bc2 Ra6 33. Rc1 Rd6+ 34. Ke2
Bb5+ 35. Kf3 Rdc6 36. axb4 axb4 37. Ra1 Rxc2 38. Ra5 Be2# 0-1

[Event "Mittelfrankenliga 05/06 (B1)"]
[Site "Mfr.2005/06-R3"]
[Date "2005.12.04"]
[Round "3.8"]
[White "Hofmann, Benjamin[90]"]
[Black "Heller, Michael"]
[Result "0-1"]
[WhiteElo "1877"]
[BlackElo "1705"]
[Annotator "Großenseebach1-Büchenbach/Rh.1"]
[PlyCount "38"]
[EventDate "2005.12.04"]
[SourceDate "2005.10.17"]

1. e4 c5 2. c3 Nc6 3. d4 cxd4 4. cxd4 e6 5. Nf3 d5 6. e5 Bb4+ 7. Nc3 Nge7 8. a3
Ba5 9. Be2 a6 10. O-O Nf5 11. g4 Nh4 12. Kh1 Nxf3 13. Bxf3 Bb6 14. Be3 f6 15.
exf6 Qxf6 16. g5 Qd8 17. Bh5+ g6 18. Bf3 Qd6 19. b4 Bc7 0-1

[Event "Mittelfrankenliga 05/06 (B2b)"]
[Site "Mfr.2005/06-R3"]
[Date "2005.12.04"]
[Round "3.1"]
[White "Hetzner, Helmut"]
[Black "Muenster, Erich"]
[Result "0-1"]
[WhiteElo "1934"]
[BlackElo "2024"]
[Annotator "Heilsbronn1-SK Schwabach2"]
[PlyCount "74"]
[EventDate "2005.12.04"]
[SourceDate "2005.10.17"]

1. e4 Nc6 2. Nf3 e5 3. Bb5 Bc5 4. c3 d5 5. Nxe5 Qg5 6. d4 Qxg2 7. Qf3 Qxf3 8.
Nxf3 dxe4 9. Ne5 Bd6 10. Nxc6 Bd7 11. d5 bxc6 12. dxc6 Be6 13. Be3 a6 14. Ba4
Ne7 15. Nd2 f5 16. Bd4 Kf7 17. c4 Rhd8 18. Bc3 Bf4 19. b3 Rd3 20. Ba5 Rad8 21.
Nf1 Ng6 22. Ng3 Nh4 23. O-O Nf3+ 24. Kh1 h5 25. h3 Be5 26. Rac1 h4 27. Ne2 Nh2
28. Bc3 Bxc3 29. Kxh2 Be5+ 30. Kg2 f4 31. f3 Rd2 32. Rce1 e3 33. Kh1 Rxa2 34.
Nc1 Rb2 35. Rd1 e2 36. Nxe2 Rxd1 37. Rxd1 Rxe2 0-1

[Event "Mittelfrankenliga 05/06 (B2b)"]
[Site "Mfr.2005/06-R3"]
[Date "2005.12.04"]
[Round "3.2"]
[White "Roeschinger, Udo"]
[Black "Oberndoerfer, Dieter"]
[Result "1/2-1/2"]
[WhiteElo "1878"]
[BlackElo "1870"]
[Annotator "Heilsbronn1-SK Schwabach2"]
[PlyCount "47"]
[EventDate "2005.12.04"]
[SourceDate "2005.10.17"]

1. e4 c5 2. c4 Nc6 3. Nc3 g6 4. g3 Bg7 5. Bg2 d6 6. Nge2 e6 7. O-O Nge7 8. d3
O-O 9. Be3 b6 10. Qd2 Bb7 11. Bh6 Nd4 12. Bxg7 Kxg7 13. Nxd4 cxd4 14. Ne2 e5
15. b4 Bc8 16. Rac1 Be6 17. f4 f6 18. Rc2 Qd7 19. f5 Bf7 20. g4 g5 21. h4 h6
22. Kf2 Qa4 23. Rb2 Rac8 24. b5 1/2-1/2

[Event "Mittelfrankenliga 05/06 (B2b)"]
[Site "Mfr.2005/06-R3"]
[Date "2005.12.04"]
[Round "3.3"]
[White "Pechan, Willi"]
[Black "Muenster, Manfred"]
[Result "0-1"]
[WhiteElo "1797"]
[BlackElo "1923"]
[Annotator "Heilsbronn1-SK Schwabach2"]
[PlyCount "50"]
[EventDate "2005.12.04"]
[SourceDate "2005.10.17"]

1. e4 g6 2. d4 Bg7 3. Nf3 d6 4. Nc3 Nc6 5. Be2 e5 6. Bg5 f6 7. Be3 Nh6 8. h3
Nf7 9. Qd2 a6 10. Nd5 O-O 11. c4 Re8 12. dxe5 Ncxe5 13. Nxe5 Rxe5 14. Bd3 Re8
15. O-O Ne5 16. Bd4 f5 17. Bxe5 Bxe5 18. exf5 gxf5 19. Rae1 Kh8 20. Re2 Rg8 21.
Kh1 c6 22. f4 cxd5 23. fxe5 dxe5 24. Rxe5 dxc4 25. Qc3 Qxd3 0-1

[Event "Mittelfrankenliga 05/06 (B2b)"]
[Site "Mfr.2005/06-R3"]
[Date "2005.12.04"]
[Round "3.4"]
[White "Horneber, Thomas"]
[Black "Heinrichmeier, Roland"]
[Result "1/2-1/2"]
[WhiteElo "1939"]
[BlackElo "1715"]
[Annotator "Heilsbronn1-SK Schwabach2"]
[PlyCount "30"]
[EventDate "2005.12.04"]
[SourceDate "2005.10.17"]

1. e4 e5 2. Nf3 Nc6 3. d4 exd4 4. Nxd4 Bc5 5. Be3 Qf6 6. c3 Nge7 7. Bc4 O-O 8.
O-O Ng6 9. Nf5 Bxe3 10. fxe3 Nge5 11. Bb3 Qd8 12. Nd2 d6 13. Nd4 Bd7 14. N2f3
Qe8 15. Qe1 Nxf3+ 1/2-1/2

[Event "Mittelfrankenliga 05/06 (B2b)"]
[Site "Mfr.2005/06-R3"]
[Date "2005.12.04"]
[Round "3.5"]
[White "Scheuerlein, Gerhard"]
[Black "Lunz, Dieter"]
[Result "0-1"]
[WhiteElo "1683"]
[BlackElo "1909"]
[Annotator "Heilsbronn1-SK Schwabach2"]
[PlyCount "48"]
[EventDate "2005.12.04"]
[SourceDate "2005.10.17"]

1. d4 Nf6 2. Nf3 e6 3. Bf4 d5 4. e3 c5 5. c3 Bd6 6. Bb5+ Nc6 7. Ne5 Bxe5 8.
Bxe5 c4 9. Qf3 Qb6 10. Bxc6+ bxc6 11. Qe2 Nd7 12. Bxg7 Rg8 13. Bh6 Rb8 14. O-O
Qxb2 15. Qxb2 Rxb2 16. Rd1 Rc2 17. Bf4 Nf6 18. Rf1 Ne4 19. Bb8 a6 20. g3 e5 21.
Kg2 Ng5 22. Rd1 Bh3+ 23. Kh1 Rxf2 24. Nd2 Bg2+ 0-1

[Event "Mittelfrankenliga 05/06 (B2b)"]
[Site "Mfr.2005/06-R3"]
[Date "2005.12.04"]
[Round "3.6"]
[White "Frank, Werner[62]"]
[Black "Ullrich, Gerhard[31]"]
[Result "1-0"]
[WhiteElo "1842"]
[BlackElo "1700"]
[Annotator "Heilsbronn1-SK Schwabach2"]
[PlyCount "67"]
[EventDate "2005.12.04"]
[SourceDate "2005.10.17"]

1. d4 d5 2. Bf4 e6 3. e3 Nf6 4. c3 Bd6 5. Bg3 Ne4 6. Nd2 Nxd2 7. Qxd2 O-O 8.
Bd3 f5 9. f4 Nd7 10. Nf3 Be7 11. O-O c6 12. Qe2 Nf6 13. Bh4 Ne4 14. Bxe7 Qxe7
15. Ne5 Bd7 16. Rf3 Be8 17. Rh3 Nf6 18. Kh1 g6 19. Rg1 Nd7 20. Nf3 Rf7 21. g4
Rg7 22. Rhg3 Qf6 23. gxf5 exf5 24. Rg5 Bf7 25. Ne5 Nxe5 26. dxe5 Qe6 27. Qc2 d4
28. Bxf5 Qxa2 29. Bxg6 Bxg6 30. Rxg6 Qd5+ 31. e4 d3 32. Rxg7+ Kh8 33. exd5 dxc2
34. R7g2 1-0

[Event "Mittelfrankenliga 05/06 (B2b)"]
[Site "Mfr.2005/06-R3"]
[Date "2005.12.04"]
[Round "3.7"]
[White "Uhlendorff, Daniel"]
[Black "Heinz, Manfred"]
[Result "1/2-1/2"]
[WhiteElo "1697"]
[BlackElo "1752"]
[Annotator "Heilsbronn1-SK Schwabach2"]
[PlyCount "61"]
[EventDate "2005.12.04"]
[SourceDate "2005.10.17"]

1. Nf3 Nf6 2. c4 g6 3. d4 Bg7 4. Nc3 O-O 5. Bg5 c6 6. e4 d6 7. Be2 Nbd7 8. O-O
e5 9. d5 Qc7 10. Ne1 a6 11. Qc2 cxd5 12. cxd5 b5 13. b4 Bb7 14. Rc1 Rac8 15.
Qd2 Nb6 16. f3 Nh5 17. Bd3 Nf4 18. Ne2 Nxe2+ 19. Qxe2 Qd7 20. Be3 Rxc1 21. Bxc1
Rc8 22. Nc2 f5 23. g3 Rc7 24. Be3 Nc4 25. Bf2 Qc8 26. Ne3 Nxe3 27. Bxe3 h6 28.
Qd2 g5 29. Rc1 f4 30. Rxc7 Qxc7 31. Bf2 1/2-1/2

[Event "Mittelfrankenliga 05/06 (B2b)"]
[Site "Mfr.2005/06-R3"]
[Date "2005.12.04"]
[Round "3.8"]
[White "Wiedemann, Jan"]
[Black "Sauer, Edwin"]
[Result "0-1"]
[WhiteElo "1633"]
[BlackElo "1815"]
[Annotator "Heilsbronn1-SK Schwabach2"]
[PlyCount "102"]
[EventDate "2005.12.04"]
[SourceDate "2005.10.17"]

1. d4 g6 2. Nf3 Bg7 3. c3 d5 4. Bg5 Nc6 5. e3 Bf5 6. Bd3 Bxd3 7. Qxd3 Nf6 8.
Nbd2 a6 9. O-O O-O 10. Rfe1 Qd7 11. e4 dxe4 12. Nxe4 Nxe4 13. Qxe4 e6 14. Rad1
Rfe8 15. Qf4 Rac8 16. Ne5 Nxe5 17. dxe5 Qb5 18. Re3 c5 19. Red3 Qxb2 20. Rd7
Rf8 21. Be7 Qxc3 22. Bxf8 Rxf8 23. Rxb7 Bxe5 24. Qe4 Bd4 25. Rb3 Qc4 26. Qh4
Qc2 27. Rf1 Qxa2 28. Rh3 h5 29. Qe4 Qd5 30. Qc2 Rb8 31. Rf3 e5 32. Qa4 Ra8 33.
Rb3 c4 34. Rb4 c3 35. Rd1 Rd8 36. Kf1 Rd6 37. Qe8+ Kg7 38. Rb8 Kf6 39. Qh8+ Kg5
40. h4+ Kf5 41. Qh6 Qc4+ 42. Kg1 f6 43. Kh2 c2 44. Rc1 Bxf2 45. g4+ hxg4 46. h5
g5 47. Qg6+ Kf4 48. Rxc2 g3+ 49. Kg2 Qd5+ 50. Kf1 Qh1+ 51. Ke2 Qe1# 0-1

[Event "Mittelfrankenliga 05/06 (B2b)"]
[Site "Mfr.2005/06-R3"]
[Date "2005.12.04"]
[Round "3.1"]
[White "Fink, Martin"]
[Black "Schulze, Hubertus"]
[Result "0-1"]
[WhiteElo "1875"]
[BlackElo "2056"]
[Annotator "NT Nbg.4-Heideck1"]
[PlyCount "120"]
[EventDate "2005.12.04"]
[SourceDate "2005.10.17"]

1. e4 c6 2. d4 d5 3. exd5 cxd5 4. Nf3 Nf6 5. Bd3 Bg4 6. h3 Bh5 7. Bf4 e6 8. c3
Nbd7 9. Nbd2 Be7 10. O-O O-O 11. Qc2 Bg6 12. Ne5 Nxe5 13. dxe5 Bxd3 14. Qxd3
Nh5 15. Be3 g6 16. Rfe1 Qd7 17. Nf3 Rfc8 18. Nd4 a6 19. Rad1 Ng7 20. Bh6 Bc5
21. Nf3 Qa4 22. Bxg7 Kxg7 23. Re2 Be7 24. b3 Qc6 25. Rc2 b5 26. Rdd2 Qc7 27.
Qe3 Qa7 28. Qf4 Rc7 29. Nh2 Rac8 30. Rd3 h6 31. Rf3 Bg5 32. Qg4 d4 33. h4 Bd8
34. h5 g5 35. Qg3 Rxc3 36. Rfxc3 Rxc3 37. Rxc3 dxc3 38. Qxc3 Qd7 39. g3 Qd1+
40. Kg2 Qd5+ 41. f3 Bb6 42. Qe1 Qd4 43. Nf1 Bc7 44. Qe3 Bxe5 45. Qxd4 Bxd4 46.
Nd2 f5 47. g4 Be3 48. Nb1 b4 49. Kf1 e5 50. Ke2 Bf4 51. Kd3 e4+ 52. fxe4 fxg4
53. a4 g3 54. Ke2 Kf6 55. Kf3 Ke5 56. a5 Kd4 57. Kg2 Kxe4 58. Kf1 Kd3 59. Kg2
Kc2 60. Na3+ bxa3 0-1

[Event "Mittelfrankenliga 05/06 (B2b)"]
[Site "Mfr.2005/06-R3"]
[Date "2005.12.04"]
[Round "3.2"]
[White "Ackermann, Robert"]
[Black "Kirchner, Norbert jr."]
[Result "1-0"]
[WhiteElo "1983"]
[BlackElo "2060"]
[Annotator "NT Nbg.4-Heideck1"]
[PlyCount "141"]
[EventDate "2005.12.04"]
[SourceDate "2005.10.17"]

1. e4 e5 2. Bc4 Bc5 3. Nf3 Nc6 4. c3 Qf6 5. d3 h6 6. b4 Bb6 7. a4 a6 8. O-O d6
9. Be3 Ba7 10. Nbd2 Nge7 11. Bxa7 Rxa7 12. Qe2 O-O 13. Qe3 Ra8 14. Nb3 Ng6 15.
g3 Be6 16. Nfd2 Nce7 17. Bxe6 Qxe6 18. d4 f5 19. dxe5 f4 20. gxf4 Nxf4 21. Kh1
Qxe5 22. Rg1 d5 23. Rg3 dxe4 24. Qxe4 Qxe4+ 25. Nxe4 Nf5 26. Rg4 g5 27. Rag1
Kf7 28. Nbd2 Rfe8 29. Re1 Rad8 30. Nf3 Nh3 31. Kg2 Nf4+ 32. Kf1 b6 33. h4 Rd3
34. Nfxg5+ hxg5 35. Nxg5+ Kf8 36. Rxf4 Rxe1+ 37. Kxe1 Rd5 38. Ne6+ Kg8 39. Nxc7
Re5+ 40. Kd2 a5 41. Nb5 Kg7 42. Kd3 Rd5+ 43. Nd4 Nd6 44. bxa5 Rxa5 45. Kc2 Nb7
46. Nb3 Re5 47. f3 Nd6 48. Rb4 b5 49. a5 Nc4 50. Nd4 Kg6 51. a6 Re1 52. Nxb5
Nb6 53. Nd4 Na8 54. Rb7 Ra1 55. a7 Ra2+ 56. Kb3 Ra1 57. Nb5 Kh5 58. Rb8 Nc7 59.
Nxc7 Rxa7 60. Nd5 Kxh4 61. Rg8 Ra5 62. c4 Kh5 63. f4 Kh6 64. f5 Kh7 65. Rg1 Rc5
66. f6 Rc8 67. Ne7 Rb8+ 68. Kc3 Kh6 69. c5 Rf8 70. Nd5 Rxf6 71. Rh1+ 1-0

[Event "Mittelfrankenliga 05/06 (B2b)"]
[Site "Mfr.2005/06-R3"]
[Date "2005.12.04"]
[Round "3.3"]
[White "Platz, Stephan"]
[Black "Pranschke, Gerd"]
[Result "1-0"]
[WhiteElo "1865"]
[BlackElo "1963"]
[Annotator "NT Nbg.4-Heideck1"]
[PlyCount "93"]
[EventDate "2005.12.04"]
[SourceDate "2005.10.17"]

1. d4 Nf6 2. Nc3 d5 3. e4 dxe4 4. Bg5 c6 5. f3 e3 6. Bxe3 Bf5 7. Nge2 e6 8. Ng3
Bg6 9. Bd3 Bd6 10. Nce4 Bc7 11. c3 Nd5 12. Bg5 f6 13. Bc1 Nd7 14. O-O e5 15. f4
exf4 16. Nh5 O-O 17. Nxf4 Nxf4 18. Bxf4 Nb6 19. Nc5 Bxf4 20. Rxf4 Bxd3 21. Qxd3
Qe7 22. Re4 Qf7 23. Ne6 Rfe8 24. Rae1 Nd5 25. Qg3 g6 26. c4 Nb6 27. b3 Rac8 28.
h4 Nd7 29. h5 Nf8 30. hxg6 hxg6 31. Nxf8 Kxf8 32. Qd6+ Kg8 33. Rxe8+ Rxe8 34.
Rxe8+ Qxe8 35. Qxf6 b6 36. d5 cxd5 37. cxd5 Qf7 38. Qg5 Kg7 39. Qd2 Qd7 40.
Qd4+ Kf7 41. Kf2 Qf5+ 42. Ke3 Ke7 43. Qe4+ Kf6 44. Qxf5+ Kxf5 45. Kd4 g5 46.
g4+ Kf6 47. b4 1-0

[Event "Mittelfrankenliga 05/06 (B2b)"]
[Site "Mfr.2005/06-R3"]
[Date "2005.12.04"]
[Round "3.4"]
[White "Lutzky, Manfred"]
[Black "Wegmann, Wolfgang"]
[Result "0-1"]
[WhiteElo "1843"]
[BlackElo "1725"]
[Annotator "NT Nbg.4-Heideck1"]
[PlyCount "125"]
[EventDate "2005.12.04"]
[SourceDate "2005.10.17"]

1. e4 c5 2. c3 d5 3. exd5 Qxd5 4. d4 g6 5. Nf3 Bg7 6. Be2 Nh6 7. dxc5 Qxc5 8.
Be3 Qc7 9. Na3 a6 10. Nc4 Nd7 11. a4 Nf5 12. O-O Nxe3 13. Nxe3 Nf6 14. Qb3 Be6
15. Bc4 Bxc4 16. Nxc4 O-O 17. Rad1 Rad8 18. Nce5 e6 19. Qc4 Qb6 20. Qe2 Nd5 21.
c4 Nf6 22. Qc2 Qc7 23. b3 Nd7 24. Nxd7 Rxd7 25. Rxd7 Qxd7 26. Rd1 Qc7 27. h3
Rc8 28. Qd3 Bf6 29. Qd7 Qc6 30. Ne1 Rc7 31. Qxc6 Rxc6 32. Nc2 Rc7 33. Rd6 Be7
34. Rd3 b5 35. axb5 axb5 36. Ne3 bxc4 37. Nxc4 Rb7 38. Kf1 h5 39. Ke2 Rb5 40.
Rc3 Bb4 41. Rc2 Kg7 42. Ne3 f5 43. Rb2 g5 44. Kd3 f4 45. Kc4 Rb8 46. Nc2 Be7
47. b4 g4 48. hxg4 hxg4 49. Nd4 Rc8+ 50. Kd3 Kf6 51. b5 e5 52. Nc6 Bd6 53. Ke4
Ke6 54. Rc2 Ra8 55. Nxe5 Bxe5 56. Rc6+ Bd6 57. Rc2 Ra4+ 58. Kd3 Rb4 59. f3 g3
60. Ke2 Rxb5 61. Rd2 Re5+ 62. Kf1 Bb4 63. Rb2 0-1

[Event "Mittelfrankenliga 05/06 (B2b)"]
[Site "Mfr.2005/06-R3"]
[Date "2005.12.04"]
[Round "3.5"]
[White "Plan, Johann"]
[Black "Horstmann, Astrid"]
[Result "1-0"]
[WhiteElo "1887"]
[BlackElo "1710"]
[Annotator "NT Nbg.4-Heideck1"]
[PlyCount "73"]
[EventDate "2005.12.04"]
[SourceDate "2005.10.17"]

1. d4 d5 2. Nf3 Nf6 3. Bf4 e6 4. e3 a6 5. h3 b5 6. Nbd2 Bd6 7. a4 bxa4 8. Rxa4
c5 9. dxc5 Bxc5 10. Bd3 O-O 11. O-O Qb6 12. Nb3 Bd6 13. Qd2 Bxf4 14. exf4 Bd7
15. Rb4 Qc7 16. Nbd4 Rc8 17. Rb3 Nc6 18. Nxc6 Bxc6 19. Nd4 Be8 20. Ra1 Ne4 21.
Qe3 Nc5 22. Rba3 Nxd3 23. cxd3 a5 24. b4 a4 25. b5 Rab8 26. Rxa4 Bxb5 27. Rb4
Be8 28. Rbb1 Rxb1+ 29. Rxb1 h6 30. g4 Qc3 31. Kg2 Ba4 32. Rb7 Bc2 33. f5 exf5
34. Nxf5 Rf8 35. Qe7 g6 36. Nxh6+ Kg7 37. Nxf7 1-0

[Event "Mittelfrankenliga 05/06 (B2b)"]
[Site "Mfr.2005/06-R3"]
[Date "2005.12.04"]
[Round "3.7"]
[White "Korth, Manfred,Dr."]
[Black "Zippel, Harald"]
[Result "1/2-1/2"]
[WhiteElo "1790"]
[BlackElo "1868"]
[Annotator "NT Nbg.4-Heideck1"]
[PlyCount "62"]
[EventDate "2005.12.04"]
[SourceDate "2005.10.17"]

1. c4 Nf6 2. Nc3 g6 3. Nf3 Bg7 4. g3 d6 5. Bg2 e5 6. d3 O-O 7. O-O Nc6 8. Bg5
h6 9. Bd2 Bd7 10. Rb1 Qc8 11. Re1 Bh3 12. Bh1 Ng4 13. Nh4 g5 14. Ng2 f5 15. e3
f4 16. exf4 exf4 17. gxf4 Nd4 18. Nd5 Kh8 19. Nge3 gxf4 20. Nxg4 Bxg4 21. f3
Nxf3+ 22. Bxf3 Bd4+ 23. Kh1 Bh3 24. Bc3 Bxc3 25. bxc3 Qf5 26. Ne7 Qf6 27. Bh5
f3 28. Ng6+ Kg8 29. Re3 Qg5 30. Bxf3 Qxe3 31. Nxf8 Rxf8 1/2-1/2

[Event "Mittelfrankenliga 05/06 (B2b)"]
[Site "Mfr.2005/06-R3"]
[Date "2005.12.04"]
[Round "3.8"]
[White "Corral, Carlos"]
[Black "Ruderer, Thomas"]
[Result "1/2-1/2"]
[WhiteElo "1801"]
[BlackElo "1732"]
[Annotator "NT Nbg.4-Heideck1"]
[PlyCount "31"]
[EventDate "2005.12.04"]
[SourceDate "2005.10.17"]

1. e4 e6 2. d3 d5 3. Nd2 Nf6 4. Ngf3 c5 5. g3 Nc6 6. Bg2 Be7 7. c3 O-O 8. O-O
b6 9. Re1 Ba6 10. e5 Nd7 11. Qe2 Rc8 12. Nf1 b5 13. a3 Qb6 14. h4 b4 15. axb4
cxb4 16. Rd1 1/2-1/2

[Event "Mittelfrankenliga 05/06 (B2b)"]
[Site "Mfr.2005/06-R3"]
[Date "2005.12.04"]
[Round "3.1"]
[White "Alsheimer, Christoph"]
[Black "Meyer, Friedrich[59]"]
[Result "1-0"]
[WhiteElo "2058"]
[BlackElo "1842"]
[Annotator "Gunzenhausen/Wbg.2-Bechhofen1"]
[PlyCount "79"]
[EventDate "2005.12.04"]
[SourceDate "2005.10.17"]

1. Nf3 g6 2. d4 Bg7 3. e4 d6 4. Nc3 a6 5. a4 b6 6. Bc4 e6 7. Bg5 Ne7 8. Qd2 h6
9. Be3 Bb7 10. d5 e5 11. Ng1 Nd7 12. Nge2 f5 13. f4 fxe4 14. O-O Nf5 15. Nxe4
Nxe3 16. Qxe3 O-O 17. Rae1 Qe7 18. Qg3 Kh7 19. Ba2 Rf5 20. c4 Bf6 21. Nxf6+
Rxf6 22. Bb1 Raf8 23. h4 c6 24. Nc3 cxd5 25. cxd5 Qf7 26. h5 Kh8 27. hxg6 Qg8
28. Qh3 Qg7 29. f5 b5 30. Re4 Rc8 31. Rh4 Rxc3 32. bxc3 Nf8 33. Rxh6+ Kg8 34.
Be4 Bc8 35. g4 bxa4 36. Kg2 Bd7 37. Rh1 Nxg6 38. Rxg6 Rxg6 39. fxg6 a5 40. Qh7+
1-0